000 00891cam a2200277 i 4500
001 2239624
003 OSt
005 20140317153440.0
008 760921m19751977caua 001 0 eng
010 _a 76374891
020 _c$7.50 (v. 1)
040 _aDLC
_cDLC
_dDLC
050 0 0 _aTK7888.3
_b.A3 1975
082 0 0 _a001.64
_219
110 2 _aAdam Osborne and Associates.
_926033
245 1 3 _aAn introduction to microcomputers.
260 _aBerkeley, Calif. :
_bAdam Osborne and Associates,
_cc1975-1977.
300 _a3 v. :
_bill. ;
_c21 cm.
500 _aOn cover of v. O, 2: by Adam Osborne.
500 _aIncludes indexes.
505 0 _av. O. The beginner's book.--[v. 1. Without special title].--v. 2. Some real products.
650 0 _aMicrocomputers.
_926034
700 1 _aOsborne, Adam.
_926035
906 _a7
_bcbc
_corignew
_d2
_encip
_f19
_gy-gencatlg
942 _2lcc
_cBK
999 _c58831
_d58805